| 000 | 01094cam a22002898a 4500 | ||
|---|---|---|---|
| 001 | 15323803 | ||
| 005 | 20080611112801.0 | ||
| 008 | 080610s2009 enk b 001 0 eng | ||
| 010 | _a 2008025135 | ||
| 020 | _a9780415773850 (pbk. : alk. paper) | ||
| 040 |
_aDLC _cDLC |
||
| 050 | 0 | 0 |
_aHN49.C6 _bI554 2009 |
| 082 | 0 | 0 |
_a307.14 _222 _bCOM |
| 245 | 0 | 3 |
_aAn introduction to community development / _cedited by Rhonda Phillips and Robert H. Pittman. |
| 260 |
_aLondon ; _aNew York : _bRoutledge, _c2009. |
||
| 263 | _a0812 | ||
| 300 |
_a363p.; _c23 cm. |
||
| 500 | _aInudes index | ||
| 504 | _aIncludes bibliographical references and index. | ||
| 650 | 0 |
_aCommunity development. _94633 |
|
| 650 | 0 |
_aEconomic development. _94634 |
|
| 700 | 1 |
_aPhillips, Rhonda. _94635 |
|
| 700 | 1 |
_aPittman, Robert H. _94636 |
|
| 942 |
_2ddc _cBB |
||
| 999 |
_c11509 _d11509 |
||